Hearts2Hearts Quiz - Statistics

General Stats
  • This quiz has been taken 45 times
  • The average score is 7 of 8
Answer Stats
Hint Answer % Correct
The Chase The Chase
98%
FOCUS Apple Pie
93%
The Chase Butterflies
90%
FOCUS FOCUS
90%
Single STYLE
90%
FOCUS Pretty Please
88%
FOCUS Blue Moon
78%
FOCUS Flutter
71%
No matching quizzes found
Score Distribution
Percent of People with Each Score
Percentile by Number Answered
Your Score History
You have not taken this quiz